El estilo Starbucks: cómo crear un hogar fuera del hogar (Registro nro. 8291)
[ vista simple ]
| 000 -Cabecera | |
|---|---|
| Campo de control de longitud fija | 00555cam a2200205 4500 |
| 005 - Fecha y hora de la última transacción | |
| Campo de control | 20231012142335.0 |
| 008 - Elementos de longitud fija--Información general | |
| Campo de control de longitud fija | 080711s2008 sp a | |||| 000 0 spa |
| 020 ## - International Standard Book Number | |
| Número Internacional Estándar del Libro (ISBN) | 8423424766 |
| 041 1# - Idioma | |
| Código de idioma | |
| 082 ## - Clasificación Decimal Dewey | |
| Número de clasificación | 658.049 S592e |
| 100 1# - Entrada principal--Autor personal | |
| Nombre personal | Simmons, John |
| 9 (RLIN) | 11560 |
| 245 13 - Título propiamente dicho | |
| Título | El estilo Starbucks: cómo crear un hogar fuera del hogar |
| 260 ## - Pie de imprenta | |
| Lugar de publicación, distribución, etc. | España |
| Nombre del editor, distribuidor, etc. | Deusto |
| Fecha de publicación, distribución, etc. | 2007 |
| 300 ## - Descripción física | |
| Extensión | 186 páginas |
| 440 #0 - Declaración de serie/asiento adicional--título | |
| Título de la serie | Grandes Casos Empresariales |
| 650 ## - Materia general | |
| Temática (materia general) | ESTUDIO DE CASOS |
| 650 ## - Materia general | |
| Temática (materia general) | CAFÉ |
| 650 ## - Materia general | |
| Temática (materia general) | INNOVACIÓN |
| 942 ## - Punto de acceso adicional KOHA | |
| Tipo de ítem KOHA | Literatura |
| Fuente del sistema de clasificación o colocación | Dewey Decimal Classification |
| Signatura completa | Código de barras | Tipo de ítem |
|---|---|---|
| 658.049 S592e | 21327 | Literatura |